00388 2200157 4500001002100000008004100021035002000062245002500082100001700107260002800124300002200152020002200174084001400196082000800210990001200218INLIS000000000002787 IND  a0010-0925000134 aKangencPutu Deriska aPutu Deriska aJakartabEuthaniac2015 a172c(13 x 19 cm) a978-602-1010-76-1 a813 PUT k a813 a0755009